000 00299 a2200133 4500
001 152139
040 _cEscola São Tomás de Aquino
240 1 0 _aA divina comédia
_lpor
245 1 0 _aA divina comédia
362 0 _a2009
440 1 _aFTD
697 _a*LITERATURA INFANTO JUVENIL
942 _cBK
999 _c152139
_d152139